MARC

LEADER 00000nam0a2200000 4500
001 76161
005 20231031091430.0
035 |a (RuTPU)RU\TPU\book\81378 
090 |a 76161 
100 |a 20050411d1961 k y0rusy50 ca 
101 0 |a rus 
102 |a RU 
105 |a a z 001zy 
200 1 |a Сжигание газов в топках котлов и печей и обслуживание газового хозяйства предприятий  |f В. М. Чепель 
205 |a Изд.4-е, испр. и доп. 
210 |a Ленинград  |c Гостоптехиздат  |d 1961 
215 |a 422 с.  |c ил.  |e 1 л. схем 
320 |a Библиогр.: с. 417-422. 
610 1 |a теплотехника 
610 1 |a топки 
610 1 |a котлы 
610 1 |a печи 
610 1 |a газовое хозяйство 
610 1 |a предприятия 
610 1 |a газы 
610 1 |a сжигание 
610 1 |a газовые сети 
610 1 |a газоснабжение 
610 1 |a газовые горелки 
610 1 |a газовое топливо 
610 1 |a автоматические системы 
610 1 |a автоматические устройства 
610 1 |a контрольно-измерительные приборы 
610 1 |a эксплуатация 
610 1 |a техника безопасности 
675 |a 621.182.2-695  |v 3 
675 |a 662.95  |v 3 
700 1 |a Чепель  |b В. М.  |g Владимир Михайлович 
801 1 |a RU  |b 63413507  |c 20050411  |g PSBO 
801 2 |a RU  |b 63413507  |c 20140718  |g PSBO 
942 |c BK